Statistics for Country Borders by Shape

Click here to take the quiz!

General Stats

  • This quiz has been taken 14 times
  • The average score is 10 of 16

Answer Stats

Answer% Correct
Bosnia + Croatia
93%
Ethiopia + Somalia
93%
China + Mongolia
86%
Portugal + Spain
79%
Kazakhstan + Russia
71%
Mali + Mauritania
71%
DRC + Zambia
64%
Finland + Russia
64%
Mauritania + Morocco
64%
Mexico + USA
64%
India + Pakistan
57%
Italy + Switzerland
57%
South Sudan + Sudan
57%
Botswana + Namibia
50%
Egypt + Libya
43%
Myanmar + Thailand
14%

Score Distribution

Percentile by Number Answered

Percent of People with Each Score

Your Score History

You have not taken this quiz